000 00580nam a2200229Ia 4500
003 OSt
005 20220916111008.0
006 a|||||r|||| 00| 0
007 ta
008 220915b |||||||| |||| 00| 0 mal d
024 _a90,680
037 _cTextbook
040 _bmal
_aARTS
_cARTS
041 _amal
082 _aO32wN43, M7
100 _aDamodaran Moodadi Au.
245 0 _aGundert muthal sanjayan vare
260 _c1987
650 _aMALAYALAM LITERATURE
942 _hO32wN43, M7
_cTB
_2CC
999 _c102914
_d102914